|
|
|
|
| LEADER |
01111nam a22002651 4500 |
| 001 |
41219 |
| 003 |
BD-DhAAL |
| 008 |
230521t1962 nyu 000 0 eng d |
| 020 |
|
|
|a 002065510X
|
| 040 |
|
|
|a DLC
|c Wa
|d DLC
|d BD-DhAAL
|
| 050 |
0 |
0 |
|a JC153
|b .H65 1962
|
| 082 |
0 |
0 |
|a 320.1
|
| 100 |
1 |
|
|a Hobbes, Thomas,
|d 1588-1679.
|9 16670
|
| 245 |
1 |
0 |
|a Leviathan;
|b or, The matter, forme and power of a commonwealth, ecclesiasticall and civil /
|c edited by Michael Oakeshott. With an introduction by Richard S. Peters.
|
| 260 |
|
|
|a New York,
|b Collier Books
|c [1962]
|
| 300 |
|
|
|a 511 pages ;
|c 18 cm.
|
| 490 |
0 |
|
|a Collier classics in the history of thought
|
| 541 |
|
|
|a Donated By Akbar Ali Khan
|e 41219
|
| 650 |
|
0 |
|a Political science
|x Early works to 1800.
|
| 650 |
|
0 |
|a State, The.
|
| 830 |
|
|
|a Collier classics in the history of thought
|9 54291
|
| 852 |
|
|
|a Ayesha Abed Library
|c Akbar Ali Khan Collection
|
| 942 |
|
|
|2 ddc
|c BK
|
| 999 |
|
|
|c 45782
|d 45782
|
| 952 |
|
|
|0 0
|1 0
|2 ddc
|4 0
|6 320_100000000000000_HOB
|7 1
|9 73661
|a BRACUL
|b BRACUL
|c AAKC
|d 2023-05-21
|e Donated By Akbar Ali Khan
|l 0
|o 320.1 HOB
|p 3010041219
|r 2023-05-21
|t 1
|w 2023-05-21
|y BK
|